000 00711nas a2200241 4500
001 BR0706327
003 BR-BrBNA
005 20231205111249.0
007 ta
008 230509b bl.|||p| |||| 00| 00por d
040 _aBR-BrBNA
_bpor
_cBiblioteca Nacional de Agricultura
041 _a(Pt)
072 _aL73
100 1 _aLuvizari, F.H.
100 1 _aLehmkuhl, R.C.
100 1 _aSantos, I.W.
245 1 _aPitiose equina no estado do Paraná - Primeiro relato de caso
650 _aEQUINO
650 _aDOENÇA ANIMAL
773 0 _tArchives of Veterinary Science (Brazil)
_xISSN 1517-784X
_g(2002), v. 7(2) p. 99-102
_wBR0706327
909 _a202311
_bLúcia
_c55
_dLúcia Elande
942 _2AGRIS
_n0
_cANA
999 _c191705
_d191705